| 000 | 00326nam a2200121Ia 4500 | ||
|---|---|---|---|
| 008 | 220217s9999||||xx |||||||||||||| ||und|| | ||
| 082 | _a894.814 3 RAO | ||
| 100 |
_aRao, Ram, K _93830 |
||
| 245 | 0 | _aPrayogika neethi shikshana | |
| 260 |
_aSri Ramakrishna Ashrama _bMysore _c2002 |
||
| 300 | _b85 | ||
| 650 | _aGENERAL BOOKS | ||
| 999 |
_c172975 _d172975 |
||